[Event "Angers op 8th"]
[Site "Angers"]
[Date "2013.05.05"]
[Round "6"]
[White "Viel, Jean Marc"]
[Black "Noyer, Christophe"]
[Result "1-0"]
[WhiteElo "1658"]
[BlackElo "1544"]
[PlyCount "101"]
[EventDate "2013.05.03"]
[EventType "swiss"]
[EventRounds "6"]
[EventCountry "FRA"]
[SourceTitle "CBM 154 Extra"]
[Source "ChessBase"]
[SourceDate "2013.06.25"]
[SourceVersion "2"]
[SourceVersionDate "2013.06.25"]
[SourceQuality "1"]

1. e4 d6 2. d4 Nf6 3. Nc3 Nbd7 4. Bc4 c6 5. f4 b5 6. Bd3 b4 7. Nce2 e5 8. Nf3 Qc7 9. c3 a5 10. 0-0 Be7 11. h3 Bb7 12. Ng3 c5 13. fxe5 dxe5 14. d5 c4 15. Bc2 0-0 16. Be3 Nc5 17. Nd2 Nd3 18. Bxd3 cxd3 19. c4 Bc5 20. Qf3 a4 21. b3 Qb6 22. Bxc5 Qxc5+ 23. Qf2 Qxf2+ 24. Kxf2 Nd7 25. Ke3 Nc5 26. Nh1 Bc8 27. Nf2 f5 28. Nxd3 f4+ 29. Ke2 Nxd3 30. Kxd3 Bd7 31. Nf3 Rfd8 32. Rfc1 Ra6 33. c5 Bb5+ 34. Kd2 Rda8 35. bxa4 Rxa4 36. Rab1 Rxa2+ 37. Rc2 Rxc2+ 38. Kxc2 Ba4+ 39. Kd2 b3 40. c6 Kf8 41. Kc3 Rb8 42. Nd2 b2 43. Rxb2 Rxb2 44. Kxb2 Ke7 45. Kc3 h5 46. Nf3 Kd6 47. Kb4 Bc2 48. Ng5 Bd3 49. Nf7+ Kc7 50. Kc5 Bxe4 51. d6+ 1-0